000 01564nkm a2200409 c 4500
999 _c210198
_d210198
003 BLK
005 20200429154752.0
008 180412b bul rap|r|||| r0| ||bulo|
010 _aKNG00162919000
040 _aBLK
041 _aENG
_cENG
080 _aПриложно изкуство. Художествени занаяти. Интериор. Дизайн. Играчки. Худож. пространствено оформление
_b745/749
_x(470)
_z745/749(470)
139 _aRussian Decorative Art
_bR 95
_gР 43
245 1 0 _aRussian Decorative Art
_b12th to early 20th century, The Historical Museum, Moscow
_ccomp. and introd. by Nina Asharina.
257 _aSUN
260 _bAurora
_c1987
300 _a136 p.
_bill.
_c30 cm
380 _a7
650 4 _aПриложно и декоративно изкуство
_9248151
651 4 _aРусия
_9179465
653 _aприложни изкуства
653 _aдекоративно изкуство
653 _aбижутерия
653 _aбродерия
653 _aпорцелан
653 _aмалки пластики
653 _aстъкло
653 _aоблекло
653 _aмебели
653 _aМосква
700 1 _aAsharina, Nina
_ecomp. and introd. by
_93974
852 _aЦб Гр А ІІ 3640
856 4 _qpdf
_u
856 4 _qpdf
_u
942 _cGRA
_n0
_s1
944 _aCR
_c10.07.2014
_l10.07.2014 - от С1,Р / 10.07.2014
_kКамелия_Данева
944 _aED
_c04.09.2015
_l10.07.2014 - от С1,Р / 10.07.2014
_kИрена_Линкова
999 _d210198